| 000 | 01032nam0a2200313 4500 | ||
|---|---|---|---|
| 001 | RU\NLR\b_ik\115843 | ||
| 005 | 20260406044935.0 | ||
| 010 |
_a5-9542-0046-7 _93000 |
||
| 035 | _a(NLR Aleph) 002189477 | ||
| 090 |
_a2892300 _c2892300 |
||
| 100 | _a20040812d2004 |||y0rusy50 ca | ||
| 101 | 0 | _aeng | |
| 102 | _aRU | ||
| 105 | _ay ||||||||| | ||
| 200 | 1 |
_aThe catcher in the rye _fJ.D. Salinger |
|
| 205 | _a[Complete a. unabridged] | ||
| 210 |
_aM. _cJupiter-inter _d2004 |
||
| 215 |
_a229 с. _d17 |
||
| 225 | 1 |
_aСерия "Классики в оригинале" _iEnglish |
|
| 541 | 0 |
_aНад пропастью во ржи _zrus |
|
| 606 | 0 |
_aАнглийский язык _jХрестоматии _9972309 _3RU\NLR\AUTH\6646032 |
|
| 686 | 4 | _aШ6(7США)62-440.4{Лх1979-50} | |
| 686 | 4 | _aШ143.21-93рус91 | |
| 700 | 1 |
_4070 _8eng _7ba _aSalinger _bJ. D. _f1919-2010 _gJerome David _3RU\NLR\AUTH\774718 _9114695 |
|
| 801 | 0 |
_aRU _bNLR _c20040812 _gPSBO |
|
| 942 | _cBOOK | ||
| 980 | _aNB | ||